000 00631nam a2200241Ia 4500
003 OSt
005 20221006153554.0
006 a|||||r|||| 00| 0
007 ta
008 221006b |||||||| |||| 00| 0 eng d
024 _a32,728
037 _bGift, Korean Embassy
_cVideo
040 _aEASL
_cEASL
_beng
041 _2eng
_aeng
100 _aKorean Foundation
_9664455
245 0 _aCloths, foods and houses of Korea
260 _aKorea
_bKorea Foundation
300 _a DVD
_ccm.
490 _v 2
650 _aCulture
942 _cAUD
_2CC
999 _c1100814
_d1100814